Antologia / Joan Comorera ; edició a cura de Miquel Caminal Badia
Descripción Física:
XXVII, 508 p. ; 20 cm
Otros Autores:
Caminal i Badia, Miquel
MARC
| LEADER | 00000nam a2200000Ia 4500 | ||
|---|---|---|---|
| 001 | 6111 | ||
| 008 | 160829s1987 xx 000 0 cat d | ||
| 080 | |a M-2-238 | ||
| 100 | |a Comorera, Joan |9 24374 | ||
| 245 | |a Antologia / Joan Comorera ; edició a cura de Miquel Caminal Badia | ||
| 260 | |a Barcelona : |b La Magrana : |b Diputació de Barcelona, |c 1987 | ||
| 300 | |a XXVII, 508 p. ; |c 20 cm | ||
| 490 | |a Biblioteca dels clàssics del nacionalisme català ; 16 | ||
| 650 | |a Comorera, Joan |x Punts de vista polítics i socials |9 24375 | ||
| 700 | |a Caminal i Badia, Miquel |9 24376 | ||
| 901 | |a Arxiu | ||
| 942 | |n 1 | ||
| 952 | |0 0 |1 0 |4 0 |6 M2238 |7 1 |9 43121 |a Arxiu |b Arxiu |d 2016-12-01 |l 0 |o M-2-238 |p 6111 |r 2016-12-01 00:00:00 |w 2016-12-01 |y ARXIU | ||
| 999 | |c 45665 |d 45665 | ||